[Event "St Chely d'Aubrac op 11th"]
[Site "St Chely d'Aubrac"]
[Date "2011.07.11"]
[Round "3"]
[White "Tassetti, Florent"]
[Black "Taravel, Arno"]
[Result "1-0"]
[WhiteElo "1692"]
[BlackElo "1410"]
[PlyCount "161"]
[EventDate "2011.07.09"]
[EventType "swiss"]
[EventRounds "7"]
[EventCountry "FRA"]
[SourceTitle "CBM 143 Extra"]
[Source "ChessBase"]
[SourceDate "2011.08.29"]
[SourceVersion "1"]
[SourceVersionDate "2011.08.29"]
[SourceQuality "1"]

1. c4 e6 2. g3 d5 3. Bg2 c6 4. cxd5 cxd5 5. d4 Nf6 6. Nc3 h6 7. Bf4 Bd6 8. Bxd6 Qxd6 9. Nf3 Nc6 10. 0-0 a6 11. Rc1 Bd7 12. e3 0-0 13. Na4 b5 14. Nc5 Rfc8 15. Ne1 Na5 16. Ned3 Nc4 17. b3 Na5 18. Ne5 Rc7 19. Qd2 Nc6 20. f4 Be8 21. Ncd3 Rac8 22. g4 Ne4 23. Bxe4 dxe4 24. Nc5 f6 25. Nxc6 Rxc6 26. Qg2 Qd5 27. Rfd1 h5 28. h3 hxg4 29. hxg4 f5 30. Kf2 fxg4 31. Qxg4 Bh5 32. Qg1 Bxd1 33. Rxd1 Qh5 34. Qh1 Qxh1 35. Rxh1 a5 36. Rh5 Rd6 37. Re5 a4 38. b4 a3 39. Rxe4 Kf7 40. Re5 Rh8 41. Kg2 Rh6 42. Ne4 Rd5 43. Nc3 Rxe5 44. dxe5 Kg6 45. Nxb5 Kf5 46. Nd6+ Kg6 47. b5 Rh8 48. Nc4 Rb8 49. Nxa3 Kf5 50. Kf3 Ra8 51. b6 Ra4 52. b7 Rb4 53. Nc4 Kg6 54. Nd6 Kh7 55. a4 g5 56. fxg5 Kg6 57. a5 Rb1 58. a6 Rf1+ 59. Ke2 Ra1 60. b8Q Rxa6 61. Qg8+ Kh5 62. Kf3 Ra7 63. Qh8+ Kxg5 64. Ne4+ Kg6 65. Qf6+ Kh7 66. Ng5+ Kg8 67. Qxe6+ Kf8 68. Qd6+ Kg7 69. e6 Kg6 70. Qd7 Ra5 71. e7 Kxg5 72. Qg4+ Kf6 73. e8Q Rf5+ 74. Qxf5+ Kxf5 75. Qb5+ Ke6 76. Ke4 Kf6 77. Qf5+ Ke7 78. Qg6 Kd7 79. Kd5 Kc7 80. Qc6+ Kb8 81. Qd7 1-0